| 000 | 00412nam a22001697a 4500 | ||
|---|---|---|---|
| 005 | 20221215145906.0 | ||
| 008 | 221215b |||||||| |||| 00| 0 eng d | ||
| 020 | _a978-93-8884-248-8 | ||
| 041 | _aeng | ||
| 082 | _a575.1-SIN-E | ||
| 100 |
_aSINGH , PHUNDAN _97345 |
||
| 245 | _aELEMENTS OF GENETICS | ||
| 250 | _a5th ed. | ||
| 260 |
_aLUDHIANA _bKALYANI PUBLISHERS _c2022 |
||
| 300 | _a435;P. | ||
| 942 | _cBK | ||
| 999 |
_c8047 _d8045 |
||